[Event "Open de Otoño Fundación CajaCanarias"]
[Site "Santa Cruz de Tenerife ESP"]
[Date "2014.11.14"]
[Round "9.18"]
[White "Afonso Carrillo, Ivan Alejandr"]
[Black "Perez Perez, Gabriel"]
[Result "0-1"]
[WhiteElo "1449"]
[BlackElo "1534"]
[PlyCount "112"]
[EventDate "2014.10.27"]
[EventType "swiss"]
[EventRounds "9"]
[EventCountry "ESP"]
[Source "lmi"]
[SourceDate "2014.10.27"]

1. Nf3 Nf6 2. Nc3 g6 3. e4 d6 4. Be2 c5 5. b3 Bg7 6. Bb2 Nc6 7. O-O O-O 8. d3
a6 9. Qd2 b5 10. Nd5 e6 11. Bxf6 Bxf6 12. Nxf6+ Qxf6 13. c3 Bb7 14. Rfc1 Rac8
15. Qe3 Rfd8 16. Rc2 b4 17. Rac1 bxc3 18. Rxc3 Nb4 19. Qd2 a5 20. a3 Nc6 21.
Qe3 e5 22. Qh6 Qg7 23. Qxg7+ Kxg7 24. Nd2 Nd4 25. Bd1 f5 26. a4 fxe4 27. dxe4
Rb8 28. f3 Ba6 29. Kf2 Rb4 30. Nc4 Bxc4 31. bxc4 Rdb8 32. Kg3 Rb1 33. f4 exf4+
34. Kxf4 Rf8+ 35. Ke3 Rb2 36. Bc2 Rfb8 37. e5 dxe5 38. Ke4 Ne2 39. Bd1 Nxc1 40.
Rxc1 Rb1 41. Rxb1 Rxb1 42. Bf3 Kf6 43. Kd5 Ra1 44. Kxc5 Rxa4 45. Kb5 Rb4+ 46.
Kxa5 Rxc4 47. Kb5 Rd4 48. Kc5 Kf5 49. h3 Kf4 50. Bc6 Rd1 51. Bf3 Rd3 52. Ba8 e4
53. Kc4 Rd2 54. g3+ Kxg3 55. Bxe4 Kxh3 56. Kc3 Rd8 0-1

[Event "Open de Otoño Fundación CajaCanarias"]
[Site "Santa Cruz de Tenerife ESP"]
[Date "2014.11.14"]
[Round "9.20"]
[White "Martinez Morina, Manel"]
[Black "De La Rosa Baez, Carlos"]
[Result "1/2-1/2"]
[WhiteElo "1826"]
[BlackElo "1326"]
[PlyCount "81"]
[EventDate "2014.10.27"]
[EventType "swiss"]
[EventRounds "9"]
[EventCountry "ESP"]
[Source "lmi"]
[SourceDate "2014.10.27"]

1. e4 e6 2. d4 d5 3. Nc3 Bb4 4. Nge2 dxe4 5. a3 Bxc3+ 6. Nxc3 Nc6 7. Be3 Nf6 8.
Qd2 O-O 9. O-O-O a6 10. Bg5 e5 11. d5 Nd4 12. Nxe4 Nxe4 13. Bxd8 Nxd2 14. Bxc7
Nxf1 15. Bxe5 Nxh2 16. Rxd4 Ng4 17. Bd6 Nxf2 18. Rhh4 Re8 19. Bg3 Re1+ 20. Kd2
Rd1+ 21. Ke3 Rc1 22. Bxf2 Rxc2 23. Rd2 Rxd2 24. Kxd2 Bf5 25. Rf4 g6 26. g4 Bd7
27. d6 f5 28. gxf5 Bxf5 29. Bb6 Rf8 30. Ke3 Rf7 31. Bd8 Rd7 32. Be7 Kf7 33. Rf2
Ke6 34. Rf1 h5 35. Rh1 Kd5 36. Rc1 h4 37. Kf4 h3 38. Kg3 g5 39. Kh2 g4 40. Rc3
Ke4 41. Kg3 1/2-1/2

[Event "Open de Otoño Fundación CajaCanarias"]
[Site "Santa Cruz de Tenerife ESP"]
[Date "2014.11.14"]
[Round "9.21"]
[White "Gonzalez Moreno, Juan Carlos"]
[Black "Diaz Reyes, Killian"]
[Result "1-0"]
[WhiteElo "1714"]
[BlackElo "1139"]
[PlyCount "85"]
[EventDate "2014.10.27"]
[EventType "swiss"]
[EventRounds "9"]
[EventCountry "ESP"]
[Source "lmi"]
[SourceDate "2014.10.27"]

1. e4 d5 2. exd5 Qxd5 3. Nc3 Qa5 4. d4 Nf6 5. Nf3 e6 6. Bd2 c6 7. Bc4 Be7 8.
Nd5 Qd8 9. Nxe7 Qxe7 10. O-O O-O 11. a3 Re8 12. Re1 Nbd7 13. Bb3 Qd6 14. Qe2
Ng4 15. Bb4 Qf4 16. c4 Ndf6 17. h3 Nh6 18. Rad1 Nf5 19. Bd2 Qd6 20. Qd3 Rd8 21.
Bb4 Qf4 22. g4 Ng3 23. Bc2 Nge4 24. Rxe4 Nxe4 25. Qxe4 Qh6 26. Kg2 g6 27. Be7
Re8 28. Bf6 Bd7 29. Qe5 Rac8 30. Qd6 Red8 31. Bxd8 Rxd8 32. Ne5 Qf4 33. Qe7 Rf8
34. Nxd7 Ra8 35. Nf6+ Kh8 36. Ne4 f5 37. Nf6 Qh6 38. Qxe6 Rf8 39. Nd7 Rg8 40.
Qf6+ Rg7 41. Qf8+ Rg8 42. Qxh6 fxg4 43. hxg4 1-0